All Pokémon with Aftermath - Statistics

General Stats
  • This quiz has been taken 14 times
  • The average score is 7 of 10
Answer Stats
(Avail)ability Pokémon % Correct
First Ability Drifblim
83%
First Ability Drifloon
83%
Hidden Ability Electrode
83%
Hidden Ability Hisuian Electrode
83%
Hidden Ability Hisuian Voltorb
75%
Hidden Ability Voltorb
75%
Second Ability Skuntank
67%
Second Ability Stunky
67%
Hidden Ability Garbodor
42%
Hidden Ability Trubbish
42%
No matching quizzes found
Score Distribution
Percent of People with Each Score
Percentile by Number Answered
Your Score History
You have not taken this quiz